Statistics for Minecraft Foods

Click here to take the quiz!

General Stats

  • This quiz has been taken 602 times
    (573 since last reset)
  • The average score is 15 of 35

Answer Stats

HintAnswer% Correct
Dropped By Decaying Oak LeavesApple
97%
WheatBread
90%
Can Eat With Full Hunger BarGolden Apple
74%
Cocoa Beans and WheatCookie
68%
Dropped By ZombiesRotten Flesh
68%
Cooked ^Steak
63%
The LieCake
61%
Gained From Village FarmsCarrot
61%
Cooked ^^Cooked Porkchop
60%
Shapeless StewMushroom Stew
60%
Gained From Village Farms Not^Potato
60%
Improved Version of ^Enchanted Golden Apple
56%
Dropped By PigsRaw Porkchop
56%
Potato In a FurnaceBaked Potato
50%
Fish That Poisons YouPufferfish
47%
Dropped by Cows or MooshroomsRaw Beef
47%
Cooked ^Cooked Fish
44%
Cooked ^Cooked Chicken
41%
30% Chance of Food PoisoningRaw Chicken
41%
Only Food From PumpkinsPie
39%
Gained From FishingRaw Fish
38%
Gold NuggetsGolden Carrot
37%
100% Chance of PoisoningSpider Eye
37%
Crop Added in 1.9Beetroot
35%
Cooked ^Cooked Mutton
30%
Cooked Version of ^Cooked Salmon
30%
Dropped By the Animal That Can Be Sheared For WoolRaw Mutton
27%
Cookable Fish Added in 1.7Raw Salmon
27%
NemoClownfish
23%
The Most Filling Food in All of Minecraft Without ModsRabbit Stew
19%
Found in Dungeon ChestMelon
18%
The Only Soup in MinecraftBeetroot Soup
13%
Cooked ^Cooked Rabbit
8%
Dropped By Formerly Tamable MobRaw Rabbit
6%
3rd Type of PotatoPouisinous Potato
0%

Score Distribution

Percentile by Number Answered

Percent of People with Each Score

Your Score History

You have not taken this quiz since the last reset